[Event "Box Hill op"]
[Site "Box Hill"]
[Date "2001.10.19"]
[Round "7.3"]
[White "Lycett, Garry"]
[Black "Chow, Valery"]
[Result "1/2-1/2"]
[WhiteElo "1652"]
[BlackElo "1711"]
[PlyCount "183"]
[EventDate "2001.09.??"]
[EventType "swiss"]
[EventRounds "7"]
[EventCountry "AUS"]
[SourceTitle "EXT 2003"]
[Source "ChessBase"]
[SourceDate "2002.11.25"]
[SourceVersion "1"]
[SourceVersionDate "2002.11.25"]
[SourceQuality "1"]

1. d4 Nf6 2. c4 c5 3. d5 e6 4. Nc3 exd5 5. cxd5 d6 6. e4 g6 7. Bd3 Bg7 8. Nf3 0-0 9. 0-0 a6 10. a4 Re8 11. Re1 Bg4 12. h3 Bxf3 13. Qxf3 Nbd7 14. Bf4 Ne5 15. Bxe5 Rxe5 16. Qe2 Nh5 17. Qd2 Qh4 18. Be2 Nf4 19. Bg4 Bh6 20. Qd1 Qf6 21. g3 Nh5 22. Qf3 Qxf3 23. Bxf3 Nf6 24. Bg2 g5 25. Re2 Rae8 26. Rae1 Nd7 27. b3 R5e7 28. Kf1 Ne5 29. Rd1 Ng6 30. Nb1 Bg7 31. Na3 Bd4 32. Nc2 Bc3 33. Ne3 b5 34. axb5 axb5 35. Ra2 Rd7 36. Rc1 Be5 37. Ra5 Rb8 38. Rc2 Ne7 39. Rca2 Kg7 40. Bf3 Rbb7 41. Be2 b4 42. Nc4 Kf6 43. Ra6 Ng6 44. Bg4 Rd8 45. Ra7 Rdb8 46. Rxb7 Rxb7 47. Ra6 Ke7 48. Ke2 f6 49. Bf5 Nf8 50. Nxe5 fxe5 51. Kd3 h6 52. g4 Nd7 53. Bxd7 Kxd7 54. Kc4 Ke7 55. Kd3 Rb8 56. Ra7+ Kf6 57. Ra6 Ke7 58. Ra7+ Kf6 59. Ra6 Rd8 60. Kc4 Ke7 61. Ra7+ Kf6 62. Ra6 Kf7 63. Ra7+ Kg6 64. Kd3 h5 65. Ra6 Rd7 66. f3 hxg4 67. hxg4 Kf6 68. Ke3 Ke7 69. Kd3 Rb7 70. Kc4 Kd7 71. Ra8 Ke7 72. Rg8 Kf6 73. Rf8+ Kg6 74. Rd8 Rb6 75. Ra8 Kg7 76. Ra7+ Kf6 77. Kd3 Rb8 78. Ra6 Ke7 79. Ra7+ Kf8 80. Kc4 Kg8 81. Rd7 Rb6 82. Ra7 Rb8 83. Ra6 Rd8 84. Kb5 Rb8+ 85. Kc4 Kg7 86. Ra7+ Kg8 87. Kd3 Rf8 88. Ke3 Rb8 89. Kd3 Rf8 90. Ke3 Rc8 91. Kd3 Rf8 92. Ke3 1/2-1/2

[Event "Box Hill op"]
[Site "Box Hill"]
[Date "2001.10.12"]
[Round "6.7"]
[White "Chow, Valery"]
[Black "Bourmistrov, Denis"]
[Result "1-0"]
[WhiteElo "1711"]
[BlackElo "1944"]
[PlyCount "29"]
[EventDate "2001.09.??"]
[EventType "swiss"]
[EventRounds "7"]
[EventCountry "AUS"]
[SourceTitle "EXT 2003"]
[Source "ChessBase"]
[SourceDate "2002.11.25"]
[SourceVersion "1"]
[SourceVersionDate "2002.11.25"]
[SourceQuality "1"]

1. c4 g6 2. Nc3 d6 3. g3 c6 4. Bg2 Bg7 5. e3 e5 6. Nge2 Ne7 7. 0-0 0-0 8. d4 exd4 9. Nxd4 h5 10. e4 Qb6 11. Nb3 Qb4 12. Bg5 Re8 13. c5 dxc5 14. Bxe7 Bg4 15. Bxc5 1-0

[Event "Box Hill op"]
[Site "Box Hill"]
[Date "2001.09.14"]
[Round "2.4"]
[White "Chow, Valery"]
[Black "Kempen, Leon JP"]
[Result "0-1"]
[WhiteElo "1711"]
[BlackElo "2034"]
[PlyCount "56"]
[EventDate "2001.09.??"]
[EventType "swiss"]
[EventRounds "7"]
[EventCountry "AUS"]
[SourceTitle "EXT 2003"]
[Source "ChessBase"]
[SourceDate "2002.11.25"]
[SourceVersion "1"]
[SourceVersionDate "2002.11.25"]
[SourceQuality "1"]

1. d4 Nf6 2. c4 c5 3. d5 e5 4. Nc3 d6 5. e4 Be7 6. Bd3 0-0 7. Nge2 Nh5 8. Ng3 Nf4 9. Bxf4 exf4 10. Nh5 Bg5 11. g3 f5 12. gxf4 fxe4 13. Nxe4 Bxf4 14. Nxf4 Rxf4 15. Qd2 Qh4 16. Qe3 Na6 17. 0-0-0 Qh6 18. Rdg1 Nb4 19. Bb1 Bd7 20. a3 Na6 21. Ng5 Rxc4+ 22. Kd2 Rd4+ 23. Kc1 Rc4+ 24. Kd2 Qf6 25. Bxh7+ Kh8 26. Bc2 Re8 27. Qg3 Qd4+ 28. Qd3 Qf4+ 0-1